[Event "Almunecar FEDC op 23th"]
[Site "Almunecar"]
[Date "2019.10.02"]
[Round "5"]
[White "Venegas Nuno, Francisco"]
[Black "Fernandez Cabrero, Fernando"]
[Result "1-0"]
[WhiteElo "1593"]
[BlackElo "1496"]
[PlyCount "33"]
[EventDate "2019.09.28"]
[EventType "swiss"]
[EventRounds "7"]
[EventCountry "ESP"]
[SourceTitle "EXT 2024"]
[Source "ChessBase"]
[SourceDate "2023.10.10"]
[SourceVersion "1"]
[SourceVersionDate "2023.10.10"]
[SourceQuality "1"]

1. d4 c5 2. c3 cxd4 3. cxd4 d5 4. Nf3 Nc6 5. Bf4 Qb6 6. Qb3 Nxd4 7. Nxd4 Qxd4 8. e3 Qc5 9. Bb5+ Kd8 10. 0-0 a6 11. Be2 e6 12. Nc3 Bd6 13. Rac1 Qb4 14. Bxd6 Qxd6 15. Rfd1 Ne7 16. Ne4 Qb8 17. Qb6+ 1-0

[Event "Benidorm FEDC op 22th"]
[Site "Benidorm"]
[Date "2019.06.13"]
[Round "5"]
[White "Fernandez Cabrero, Fernando"]
[Black "Samper Alarcon, Julio Alfredo"]
[Result "1/2-1/2"]
[WhiteElo "1496"]
[BlackElo "1551"]
[PlyCount "20"]
[EventDate "2019.06.09"]
[EventType "swiss"]
[EventRounds "7"]
[EventCountry "ESP"]
[SourceTitle "EXT 2024"]
[Source "ChessBase"]
[SourceDate "2023.10.10"]
[SourceVersion "1"]
[SourceVersionDate "2023.10.10"]
[SourceQuality "1"]

1. d4 Nf6 2. c4 d6 3. Nc3 c6 4. e4 Qc7 5. Nf3 Nbd7 6. Be2 e5 7. 0-0 Be7 8. Ne1 0-0 9. f3 b6 10. Be3 Bb7 1/2-1/2

[Event "Benidorm FEDC op 22th"]
[Site "Benidorm"]
[Date "2019.06.11"]
[Round "3"]
[White "Fernandez Cabrero, Fernando"]
[Black "Martinez Morina, Manel"]
[Result "1-0"]
[WhiteElo "1496"]
[BlackElo "1655"]
[PlyCount "61"]
[EventDate "2019.06.09"]
[EventType "swiss"]
[EventRounds "7"]
[EventCountry "ESP"]
[SourceTitle "EXT 2024"]
[Source "ChessBase"]
[SourceDate "2023.10.10"]
[SourceVersion "1"]
[SourceVersionDate "2023.10.10"]
[SourceQuality "1"]

1. d4 Nf6 2. c4 e5 3. dxe5 Ng4 4. Bf4 Bb4+ 5. Nd2 Nc6 6. Ngf3 Qe7 7. a3 Ngxe5 8. Nxe5 Nxe5 9. e3 Bxd2+ 10. Qxd2 d6 11. Be2 0-0 12. 0-0 b6 13. Rfd1 Bb7 14. Rac1 Rad8 15. Qc3 Rfe8 16. b4 Ng6 17. Bg3 Nh4 18. Bxh4 Qxh4 19. c5 Qg5 20. g3 Qf5 21. Qd4 Qh3 22. Bf1 Qe6 23. cxb6 axb6 24. Rxc7 Bf3 25. Rdc1 Ra8 26. R7c3 Qa2 27. Bg2 Bxg2 28. Kxg2 Rxa3 29. Qxb6 Qd5+ 30. Kf1 Ra2 31. Qc6 1-0

[Event "ESP-ch FEDC 26th"]
[Site "Ciudad Real"]
[Date "2017.11.17"]
[Round "6.17"]
[White "Garcia Andrinal, Antonio"]
[Black "Fernandez Cabrero, Fernando"]
[Result "1-0"]
[WhiteElo "1733"]
[BlackElo "1639"]
[PlyCount "51"]
[EventDate "2017.11.12"]
[EventType "swiss"]
[EventRounds "8"]
[EventCountry "ESP"]
[SourceTitle "EXT 2024"]
[Source "ChessBase"]
[SourceDate "2023.10.10"]
[SourceVersion "1"]
[SourceVersionDate "2023.10.10"]
[SourceQuality "1"]

1. e4 e5 2. Nf3 Nc6 3. Bc4 Be7 4. d4 exd4 5. c3 d6 6. Nxd4 Nf6 7. Nd2 Nxd4 8. cxd4 0-0 9. 0-0 c6 10. Bb3 Be6 11. Bc2 Qc7 12. Nf3 Bg4 13. Qd3 Bxf3 14. gxf3 g6 15. Kh1 Qd7 16. Rg1 Nh5 17. Bh6 Rfe8 18. Rg2 Bf6 19. f4 Bg7 20. Bxg7 Nxf4 21. Qg3 Nxg2 22. Bf6 Qe6 23. Qf3 Rac8 24. Kxg2 d5 25. e5 c5 26. Qf4 1-0

[Event "ESP-ch FEDC 26th"]
[Site "Ciudad Real"]
[Date "2017.11.14"]
[Round "3.17"]
[White "Fernandez Cabrero, Fernando"]
[Black "Garcia Rodriguez, Florencio"]
[Result "1/2-1/2"]
[WhiteElo "1639"]
[BlackElo "1747"]
[PlyCount "82"]
[EventDate "2017.11.12"]
[EventType "swiss"]
[EventRounds "8"]
[EventCountry "ESP"]
[SourceTitle "EXT 2024"]
[Source "ChessBase"]
[SourceDate "2023.10.10"]
[SourceVersion "1"]
[SourceVersionDate "2023.10.10"]
[SourceQuality "1"]

1. d4 d5 2. c4 e6 3. Nc3 Nf6 4. Bg5 Be7 5. e3 h6 6. Bh4 0-0 7. Nf3 b6 8. Rc1 Bb7 9. cxd5 Nxd5 10. Bxe7 Qxe7 11. Be2 Nxc3 12. Rxc3 Na6 13. 0-0 Rac8 14. a3 c5 15. Qa4 Bxf3 16. Bxf3 Nb8 17. Rfc1 Qd7 18. Qxd7 Nxd7 19. b4 Rc7 20. bxc5 bxc5 21. dxc5 Ne5 22. Be2 Rb8 23. h3 Kf8 24. f4 Nc6 25. Rd1 Ke7 26. e4 Na5 27. e5 Rb3 28. Rdd3 Rb8 29. Bf3 Rbc8 30. Rd6 Nb7 31. Bxb7 Rxb7 32. c6 Rbc7 33. Rc4 Ke8 34. g4 Ke7 35. Ra4 Rxc6 36. Rxc6 Rxc6 37. Rxa7+ Ke8 38. Kg2 Rc2+ 39. Kg3 Rc3+ 40. Kh4 Rf3 41. Ra4 Ke7 1/2-1/2

[Event "Almunecar FEDC op 19th"]
[Site "Almunecar"]
[Date "2017.10.06"]
[Round "7.3"]
[White "Fernandez Cabrero, Fernando"]
[Black "Septien Lopez, Valeriano"]
[Result "0-1"]
[WhiteElo "1667"]
[BlackElo "1873"]
[PlyCount "92"]
[EventDate "2017.09.30"]
[EventType "swiss"]
[EventRounds "7"]
[EventCountry "ESP"]
[SourceTitle "EXT 2024"]
[Source "ChessBase"]
[SourceDate "2023.10.10"]
[SourceVersion "1"]
[SourceVersionDate "2023.10.10"]
[SourceQuality "1"]

1. Nf3 Nf6 2. d4 c5 3. d5 e6 4. Nc3 d6 5. dxe6 fxe6 6. e4 Nc6 7. Bc4 Na5 8. Bb5+ Bd7 9. e5 dxe5 10. Nxe5 Bxb5 11. Qxd8+ Rxd8 12. Nxb5 a6 13. Nc3 Bd6 14. Nf3 0-0 15. 0-0 Nc6 16. h3 Nb4 17. Na4 Nxc2 18. Rb1 b5 19. Nc3 Nd4 20. Ng5 h6 21. Nge4 Ne2+ 22. Kh1 Nxc3 23. Nxc3 b4 24. Na4 c4 25. Be3 Nd5 26. Bc5 a5 27. Kg1 Rfe8 28. Bxd6 Rxd6 29. Nc5 Rc6 30. Ne4 Rec8 31. Rbc1 Nf4 32. Rc2 Nd5 33. Rd1 Kf7 34. Kf1 Ke7 35. Rd4 a4 36. Ke1 b3 37. axb3 axb3 38. Rcd2 R8c7 39. g3 Nb4 40. Ke2 Nd3 41. Nc3 Rd7 42. Re4 Nc1+ 43. Ke3 Rxd2 44. Kxd2 Nd3 45. Nd5+ Kd7 46. Ne3 Nxb2 0-1

[Event "Almunecar FEDC op 19th"]
[Site "Almunecar"]
[Date "2017.10.02"]
[Round "3.7"]
[White "Barroso Vilanova, Daniel"]
[Black "Fernandez Cabrero, Fernando"]
[Result "1/2-1/2"]
[WhiteElo "1551"]
[BlackElo "1667"]
[PlyCount "46"]
[EventDate "2017.09.30"]
[EventType "swiss"]
[EventRounds "7"]
[EventCountry "ESP"]
[SourceTitle "EXT 2024"]
[Source "ChessBase"]
[SourceDate "2023.10.10"]
[SourceVersion "1"]
[SourceVersionDate "2023.10.10"]
[SourceQuality "1"]

1. d4 c5 2. d5 Nf6 3. Nc3 g6 4. e4 d6 5. Bb5+ Bd7 6. a4 Bg7 7. Nf3 0-0 8. 0-0 Bxb5 9. axb5 Nbd7 10. Bf4 Qb6 11. Qd2 a6 12. bxa6 bxa6 13. b3 Rfb8 14. h3 Qc7 15. Qd3 Ne8 16. Ra2 Qc8 17. Na4 Nc7 18. Nb2 Nb5 19. Bd2 Ne5 20. Nxe5 Bxe5 21. Nc4 Bg7 22. f4 Qd7 23. Kh1 e6 1/2-1/2

[Event "Benidorm op 18th"]
[Site "Benidorm"]
[Date "2017.06.16"]
[Round "6"]
[White "Miramon Borragan, Gustavo"]
[Black "Fernandez Cabrero, Fernando"]
[Result "1/2-1/2"]
[WhiteElo "1567"]
[BlackElo "1638"]
[PlyCount "28"]
[EventDate "2017.06.11"]
[EventType "swiss"]
[EventRounds "7"]
[EventCountry "ESP"]
[SourceTitle "EXT 2018"]
[Source "ChessBase"]
[SourceDate "2017.10.13"]
[SourceVersion "1"]
[SourceVersionDate "2017.10.13"]
[SourceQuality "1"]

1. e4 e5 2. Nf3 Nc6 3. Bb5 a6 4. Ba4 Be7 5. c3 Nf6 6. d3 b5 7. Bc2 0-0 8. 0-0 d6 9. Nbd2 Na5 10. Re1 c5 11. Nf1 b4 12. c4 Be6 13. Ne3 Qc8 14. Ba4 Bd7 1/2-1/2

[Event "Benidorm op 18th"]
[Site "Benidorm"]
[Date "2017.06.13"]
[Round "3"]
[White "Fernandez Cabrero, Fernando"]
[Black "Munoz Perez, Javier C"]
[Result "1-0"]
[WhiteElo "1638"]
[BlackElo "1523"]
[PlyCount "77"]
[EventDate "2017.06.11"]
[EventType "swiss"]
[EventRounds "7"]
[EventCountry "ESP"]
[SourceTitle "EXT 2018"]
[Source "ChessBase"]
[SourceDate "2017.10.13"]
[SourceVersion "1"]
[SourceVersionDate "2017.10.13"]
[SourceQuality "1"]

1. d4 Nf6 2. c4 g6 3. Nc3 Bg7 4. e4 d6 5. Be2 0-0 6. Nf3 e5 7. 0-0 Nc6 8. d5 Ne7 9. Ne1 Ne8 10. Be3 f5 11. f3 f4 12. Bf2 g5 13. c5 Ng6 14. Rc1 h5 15. cxd6 cxd6 16. Nb5 a6 17. Na3 Nf6 18. Nc4 g4 19. Nxd6 g3 20. Bc5 gxh2+ 21. Kh1 Nd7 22. Nxc8 Nxc5 23. Rxc5 Rxc8 24. Rxc8 Qxc8 25. Nd3 Qd8 26. Rf2 Qh4 27. Bf1 Kh7 28. Qd2 Rc8 29. Qd1 Qg3 30. Rc2 Rxc2 31. Qxc2 Nh4 32. Qe2 Ng6 33. Nc5 h4 34. d6 h3 35. Ne6 hxg2+ 36. Qxg2 Bf6 37. Qxh2+ Kg8 38. Qxg3 fxg3 39. d7 1-0

[Event "Benidorm op 18th"]
[Site "Benidorm"]
[Date "2017.06.12"]
[Round "2"]
[White "Parreno Cueto, Andres"]
[Black "Fernandez Cabrero, Fernando"]
[Result "1-0"]
[WhiteElo "1777"]
[BlackElo "1638"]
[PlyCount "63"]
[EventDate "2017.06.11"]
[EventType "swiss"]
[EventRounds "7"]
[EventCountry "ESP"]
[SourceTitle "EXT 2018"]
[Source "ChessBase"]
[SourceDate "2017.10.13"]
[SourceVersion "1"]
[SourceVersionDate "2017.10.13"]
[SourceQuality "1"]

1. d4 c5 2. d5 Nf6 3. Nc3 g6 4. e4 d6 5. Nf3 Bg7 6. Be2 0-0 7. 0-0 Na6 8. h3 Nc7 9. Bf4 a6 10. a4 b6 11. Re1 Bb7 12. Nd2 Nd7 13. Bg3 Rb8 14. Nf3 Ba8 15. Bf1 f6 16. Nh4 b5 17. axb5 axb5 18. Qd2 b4 19. Ne2 Nb6 20. Nc1 Qd7 21. Nb3 Na4 22. Ra2 Bb7 23. Na5 Na6 24. Nxb7 Qxb7 25. Rxa4 Nc7 26. Rea1 Qc8 27. Be2 Nb5 28. Bxb5 Rxb5 29. Qd3 c4 30. Qe2 Qc5 31. Ra6 Rc8 32. Qg4 1-0